00234nam a2200097Ia 4500008004100000100001800041245001600059260003400075300000900109650001800118190216s9999||||xx |||||||||||||| ||und|| aArthur Miller 0aAll My Sons bOxford University Pressc1974 a119p aEnglish Drama